Oracle database 12c release 2 new features / (Record no. 149449)

MARC details
000 -LEADER
fixed length control field 00696nam a22002057a 4500
005 - DATE AND TIME OF LATEST TRANSACTION
control field 20180123121651.0
010 ## - LCCN (DPL NO)
LC control number ENG-122144
020 ## - INTERNATIONAL STANDARD BOOK NUMBER
International Standard Book Number 9789387067028
Terms of availability 675.00
035 ## - SYSTEM CONTROL NUMBER
System control number EN-105676
037 ## - SOURCE OF ACQUISITION
Source of stock number/acquisition DBAD/PUB
082 ## - DEWEY DECIMAL CLASSIFICATION NUMBER
Classification number 005.74
100 ## - MAIN ENTRY--PERSONAL NAME
Personal name Bryla, Bob
245 ## - TITLE STATEMENT
Title Oracle database 12c release 2 new features /
Statement of responsibility, etc by Bob Bryla and Robert G. Freeman
260 ## - PUBLICATION, DISTRIBUTION, ETC. (IMPRINT)
Place of publication, distribution, etc Tamil Nadu
Name of publisher, distributor, etc McGraw Hill Education (India)
Date of publication, distribution, etc 2017
270 ## - ADDRESS
Address 444/1, Sri Ekambara Naicker Industrial Estate, Alapakkam, Porur, Chennai-600116, Tamil Nadu, India
300 ## - PHYSICAL DESCRIPTION
Extent xvi, 283p.
Dimensions 24cm(pbk)
Other physical details ill.
500 ## - GENERAL NOTE
General note includes index.
700 ## - ADDED ENTRY--PERSONAL NAME
Dates associated with a name Robert G. Freeman
942 ## - ADDED ENTRY ELEMENTS (KOHA)
Source of classification or shelving scheme Dewey Decimal Classification
Item type English Books
Classification part 005.74
Call number suffix BRY
Holdings
Withdrawn status Lost status Not for loan Collection code Home library Current library Date acquired Source of acquisition Cost, normal purchase price Full call number Barcode Copy number Cost, replacement price Koha item type
    Not For Loan Non-fiction D.B.Act.Division Bawana 23/01/2018 DBAD/PUB 675.00 005.74 BRY EN-105676 1 675.00 English Books

© Delhi Public Library
Hit Counter
free hit counter